LEADER 01657oam 2200457zu 450 001 996218933803316 005 20210807003231.0 035 $a(CKB)111026746701482 035 $a(SSID)ssj0000396382 035 $a(PQKBManifestationID)12119401 035 $a(PQKBTitleCode)TC0000396382 035 $a(PQKBWorkID)10460605 035 $a(PQKB)11623586 035 $a(EXLCZ)99111026746701482 100 $a20160829d2000 uy 101 0 $aeng 181 $ctxt 182 $cc 183 $acr 200 14$aThe 13th International Symposium on System Synthesis : proceedings : Madrid, Spain, September 20-22, 2000 210 31$a[Place of publication not identified]$cIEEE Computer Society$d2000 300 $aBibliographic Level Mode of Issuance: Monograph 311 $a0-7695-0765-4 606 $aSystem design$vCongresses 606 $aSystems software$vCongresses 606 $aComputer-aided software engineering$vCongresses 606 $aEngineering & Applied Sciences$2HILCC 606 $aComputer Science$2HILCC 615 0$aSystem design 615 0$aSystems software 615 0$aComputer-aided software engineering 615 7$aEngineering & Applied Sciences 615 7$aComputer Science 712 02$aACM Special Interest Group on Design Automation 712 02$aIEEE Computer Society Design Automation Technical Committee 712 12$aInternational Symposium on System Synthesis 801 0$bPQKB 906 $aPROCEEDING 912 $a996218933803316 996 $aThe 13th International Symposium on System Synthesis : proceedings : Madrid, Spain, September 20-22, 2000$92355410 997 $aUNISA LEADER 01011nam a22002411i 4500 001 991002223199707536 005 20030723144003.0 008 030925s1912 it a||||||||||||||||ita 035 $ab12259172-39ule_inst 035 $aARCHE-030676$9ExL 040 $aBiblioteca Interfacoltà$bita$cA.t.i. Arché s.c.r.l. Pandora Sicilia s.r.l. 082 04$a207 100 1 $aScaccia Scarafoni, Camillo$0452781 245 10$aDi un encolpio eneo conservato nella basilica di S. Erasmo in Veroli /$cScaccia-Scarafoni Camillo 260 $aRoma :$bE. Calzone,$c1912 300 $a11 p. :$bill. ;$c29 cm 650 4$aEncolpio eneo$xVeroli$xBasilica di Sant'Erasmo 907 $a.b12259172$b02-04-14$c08-10-03 912 $a991002223199707536 945 $aLE002 Misc. I L 5/18$g1$iLE002-33326$lle002$o-$pE0.00$q-$rn$so $t0$u0$v0$w0$x0$y.i12648905$z08-10-03 996 $aDi un encolpio eneo conservato nella basilica di S. Erasmo in Veroli$9151788 997 $aUNISALENTO 998 $ale002$b08-10-03$cm$da $e-$fita$git $h0$i1